000 01201njm a2200313Ia 4500
001 F2516
003 IT-RoPAU
005 20220918181157.0
008 131025s9999 xx 000 0 und d
040 _aIT-RoPAU
040 _cIT-RoPAU
041 _aINGLESE
999 _c102708
_d102708
999 _bn.d.
100 _aDuia Caroline Fsp
_932543
100 _eAutore musica
_932544
100 _gCodice autore musica SPICS: 51012
_932545
245 _aCome! Holy Spirit
250 _a1a ed.
260 _bPAULINE SISTER BOMBAY SOCIETY
_c1998 [1a Ed.:1998 - Ed. Lingua Orig.: 1998]
300 _aMUSICASSETTA
300 _c42 minuti (Testo: 0 pag.)
500 _aMusica religiosa.
505 _aCome Holy Spirit - May Your Spirit - Come Into My Heart - Your Security - Flame Burning Bright - Life In the Spirit - Your Light - We Need You - To You O God - Beyond Words - Open Arms - Light of the World.
511 _aMonteiro Cara Lisa, Duia Caroline, Cerejo Clinton, Manuel Dominiq
511 _aCantanti: Castellino Francois, D'Cruz Marianne
650 _aMUSICA RELIGIOS [CASSETTE]
_eCodice MATERIA SPICS: 9951
_932546
700 _aDias Tony
_eAutore
_gCodice autore SPICS: 51013
_932547
942 _cMC
_2ddc